| 000 | 00438nam a2200157Ia 4500 | ||
|---|---|---|---|
| 003 | GCL | ||
| 008 | 140319s9999 xx 000 0 eng d | ||
| 040 |
_aGCL / _cGCL |
||
| 082 | 0 | 4 |
_a533.62 _bB B |
| 100 | 1 | _aGABAY, MICHELE | |
| 245 | 1 | 0 |
_aBREAKING WAVES: AUTOM SYMPOSIUM SYDENY, AUSTRALIA 1991 / _cGABAY, MICHELE |
| 260 |
_a[S.N] : _bMACMILLAN PUBLISHING COMPANY ، _c1992 |
||
| 300 | _a387 P | ||
| 650 | 0 | 4 | _aAUSTRALIA |
| 942 |
_2ddc _cBK |
||
| 999 |
_c17629 _d17629 |
||